ASA business valuation standards
| Corporate Author: | |
|---|---|
| Format: | Book |
| Language: | English |
| Published: |
Varginia,U.S.A :
Business Valuation Committee American society of Appraisers ,
2009
|
| Subjects: |
MARC
| LEADER | 00000cam a2200000 7i4500 | ||
|---|---|---|---|
| 001 | 0000024933 | ||
| 005 | 20130919.0 | ||
| 008 | 100913 xxu# eng | ||
| 040 | |a INS | ||
| 090 | 0 | 0 | |a HG4028.V3 |b A83 2009 |
| 110 | 0 | |a American society of appraisers | |
| 245 | 1 | 0 | |a ASA business valuation standards |
| 260 | |a Varginia,U.S.A : |b Business Valuation Committee American society of Appraisers , |c 2009 | ||
| 300 | |a 48ms : |b ill ; |c 30cm. | ||
| 650 | 0 | |a Business enterprises |x Valuation | |
| 999 | |a 1000001278 |b BOOK |c Open Shelf |e Default branch | ||